00439nam a2200181Ia 4500003000900000008004100009040001300050040001300063041000800076100002400084245008600108250000900194260002100203260000900224300000800233490000800241490000800249IT-RoPAU120407s9999 xx 000 0 und d aIT-RoPAU cIT-RoPAU aita aPieter van der Meer aTutto è amore. Incontri con Léon Bloy, Raissa Maritain, Christine e Pieterke. aRoma aEdizioni Paoline c1963 c cm aDds v143